| 000 | 00505nam a2200181Ia 4500 | ||
|---|---|---|---|
| 001 | 905 | ||
| 005 | 20260306140552.0 | ||
| 008 | 260306t2021||||xx |||||||||||||| ||spa|| | ||
| 041 | _aESP | ||
| 082 |
_a173 _bV65 T. 2 |
||
| 100 |
_aViladrich, Pedro Juan, _eAUT |
||
| 245 | 0 |
_aLos amores y vínculos íntimos : _blas personas masculina y femenina: los mil y un desafíos de su coexistir |
|
| 260 | _c2021 | ||
| 300 |
_a757 páginas : _c24 cm. |
||
| 650 | _aGEN | ||
| 654 | _aCHU | ||
| 942 |
_cLIB _dJUS _fJUS _2ddc _n |
||
| 999 |
_c905 _d905 |
||